000 00361 a2200109 4500
001 ART_39756
005 20260410162012.0
008 260409a
245 1 0 _aPoblación, equidad y transformación productiva
100 1 _aBajraj, Reynaldo F.
773 0 _tRevista de la Escuela de Economía y Negocios
_g- Año 1, Nº 1 (mar. 1999)
_wREV39725
999 _c32333
_d32333